| 000 | 00916nam a2200301 u 4500 | ||
|---|---|---|---|
| 001 | 67113 | ||
| 005 | 20191007111045.0 | ||
| 008 | 170403s2003 mx r 000 0 spa d | ||
| 020 | _a9682320038 | ||
| 040 | _erda | ||
| 041 | 0 | _aspa | |
| 082 | 0 |
_a126 _bRIC |
|
| 100 | 1 |
_aRicœur, Paul, _eautor |
|
| 245 | 1 | 0 |
_aSí mismo como otro / _cPaul Ricoeur ; traducción de Agustín Neira Calvo. |
| 250 | _aSegunda edición | ||
| 264 | 1 |
_aEspaña : _bSiglo XXI editores, _c2003 |
|
| 300 |
_axl, 415 páginas ; _c21 cm. |
||
| 336 |
_atexto _2rdacontent _btxt |
||
| 337 |
_asin medio _2rdamedia _bn |
||
| 338 |
_avolumen _2rdacarrier _bnc |
||
| 490 | 0 | _aFilosofía | |
| 650 | 4 |
_aIdentidad personal _xFilosofía |
|
| 650 | 4 | _aHermenéutica | |
| 650 | 4 | _aFilosofía de lenguaje | |
| 700 | 1 |
_aNeira Calvo, Agustín, _etraductor |
|
| 740 | 0 | _asoi-même comme un autre | |
| 999 |
_c67113 _d67113 |
||
| 942 |
_h126 _iRIC _cLI |
||